Bergembira dengan reka bentuk

Bibliographic Details
Main Author: Iskandar Ab Rashid
Other Authors: Zaitun Ismail
Format: Book
Published: Selangor : Venton Publishing , 2004
Series:Siri ICT Sekolah Rendah
Subjects:

MARC

LEADER 00000cam a2200000 7i4500
001 0000007468
005 20070903.0
008 070903
020 |a 9832661021 
090 0 0 |a COM   |b MAL (8540) 
100 0 |a Iskandar Ab Rashid 
245 1 0 |a Bergembira dengan reka bentuk   |c Iskandar Ab Rashid;Zaitun Ismail 
260 |a Selangor :   |b Venton Publishing ,   |c 2004 
440 |a Siri ICT Sekolah Rendah 
500 |a Reference 
650 0 |a Computer 
650 0 |a Science 
700 0 |a Zaitun Ismail 
999 |a 0000983972   |b Book   |c REFERENCE   |e Cawangan Bandar Penawar 
999 |a 0000983979   |b Book   |c REFERENCE   |e Cawangan Bandar Tenggara 
999 |a 0000983983   |b Book   |c Children Collection   |e Cawangan Segamat 
999 |a 0001143876   |b Book   |c Children Collection   |e Cawangan Tmn. Ungku Tun Aminah 
999 |a 000983982   |b Book   |c Children Collection   |e Cawangan Kota Tinggi